000 00351 a2200157 4500
001 185960
020 _a84-207-3853-0
040 _cMagnum
100 _aJoly-Berbesson, F.
240 1 0 _aBautista y el dentista
_lpor
245 1 0 _aBautista y el dentista
300 _a
362 0 _a1994
697 _aLITERATURA INFANTIL ESPANHOLA
942 _cBK
999 _c185960
_d185960